000
00342nam a2200133Ia 4500
008
231017s9999 xx 000 0 und d
082
_a
621.367
082
_b
CAM
245
0
_a
Using High Spatial Resolution Digital Imagery - Jul 2004
245
0
_c
Michael V. Champbell
260
_b
Michael V. Champbell
300
_c
30cm
942
_c
REP
999
_c
603990
_d
603990